| 000 | 00000nam##2200000za#4500 |
| 001 | 9.647495 |
| 003 | CaOODSP |
| 005 | 20210615112640 |
| 007 | ta |
| 008 | 150407|1999||||xxc||||| f|0| 0 eng|d |
| 020 | |a0-662-28234-5 |
| 040 | |aCaOODSP|beng |
| 043 | |an-cn--- |
| 086 | 1 |aMP33-13/1-1999E |
| 110 | 1 |aCanada. |bHuman Resources Development Canada. |
| 245 | 14|aThe community development facilitator's guide : |ba tool to support the Community development handbook / |cwritten by Anne Smith and Flo Frank. |
| 260 | |aOttawa - Ontario : |bHuman Resources Development Canada |c1999, [reprinted 2003]. |
| 300 | |a76p. ; |c18 cm. |
| 520 | 3 |aThis guide provides information on facilitating a workshop on community development. It includes eight specific exercises and alternative options, and comes with samples of questionnaires, letters, agendas, checklists, and assessment and evaluation forms. Intended for skilled facilitators with previous knowledge of community development. |
| 563 | |aSoftcover |
| 590 | |a03-22|b2003-05-30 |
| 690 | 07|aCommunity development|2gcpds |
| 720 | 1 |aFrank, Flo |
| 720 | 1 |aSmith, Anne |
| 775 | 08|tLe guide de l'animateur de développement des collectivités : |w(CaOODSP)9.680917 |
| 776 | 0#|tThe community development facilitator's guide : |w(CaOODSP)9.686539 |